Trujillo : (Registro nro. 20484)
[ vista simple ]
| 000 -CABECERA | |
|---|---|
| campo de control de longitud fija | 00626nam a2200181 a 4500 |
| 001 - NÚMERO DE CONTROL | |
| campo de control | 000020981 |
| 005 - FECHA Y HORA DE LA ÚLTIMA TRANSACCIÓN | |
| campo de control | 20240409073639.0 |
| 008 - DATOS DE LONGITUD FIJA--INFORMACIÓN GENERAL | |
| campo de control de longitud fija | 100825t1958 xxu r 000 0bspa d |
| 040 ## - FUENTE DE LA CATALOGACIÓN | |
| Centro catalogador/agencia de origen | DO-SdBNP |
| Lengua de catalogación | spa |
| Centro/agencia transcriptor | BNPHU |
| 082 ## - NÚMERO DE LA CLASIFICACIÓN DECIMAL DEWEY | |
| Número de clasificación | 923.17293 |
| Número de documento/Ítem | T866O |
| 100 1# - ENTRADA PRINCIPAL--NOMBRE DE PERSONA | |
| Nombre de persona | Ornes Coiscou, Germán E., |
| Fechas asociadas al nombre | 1919-1998 |
| 9 (RLIN) | 57814 |
| 245 10 - MENCIÓN DE TÍTULO | |
| Título | Trujillo : |
| Resto del título | little Cesar of the Caribbean / |
| Mención de responsabilidad, etc. | Germán Emilio Ornes. |
| 260 ## - PUBLICACIÓN, DISTRIBUCIÓN, ETC. | |
| Lugar de publicación, distribución, etc. | New York : |
| Nombre del editor, distribuidor, etc. | Thomas Nelson & Sons, |
| Fecha de publicación, distribución, etc. | 1958. |
| 300 ## - DESCRIPCIÓN FÍSICA | |
| Extensión | ix, 338 p. ; |
| Dimensiones | 23 cm. |
| 590 ## - NOTA LOCAL (RLIN) | |
| Nota local | Inventariado, 2019/MFF |
| 600 10 - PUNTO DE ACCESO ADICIONAL DE MATERIA--NOMBRE DE PERSONA | |
| Nombre de persona | Trujillo Molina, Rafael Leónidas, |
| Fechas asociadas al nombre | 1891-1961 |
| 9 (RLIN) | 76764 |
| 910 ## - DATOS DE OPCIÓN DEL USUARIO (OCLC) | |
| Datos de opción del usuario | Validado. Control de calidad. EMS |
| Estado de retiro | Estado de pérdida | Restricciones de uso | No para préstamo | Código de colección | Localización permanente | Ubicación/localización actual | Ubicación en estantería | Fecha de adquisición | Número de inventario | Total de préstamos | Signatura topográfica completa | Código de barras | Fecha visto por última vez | Número de copia | Precio válido a partir de | Tipo de ítem Koha | Nota pública |
|---|---|---|---|---|---|---|---|---|---|---|---|---|---|---|---|---|---|
| Raros y valiosos | General | General | Depósito | 29.05.2019 | LF1 | 923.17293 T866O | 20981-30 | 25.06.2020 | e.3 | 25.06.2020 | Préstamo en sala | Perteneció a la biblioteca personal de Chiqui Vicioso/Fidelio Despradel. | |||||
| Excluido de préstamo | Raros y valiosos | Patrimonio Dominicano | Patrimonio Dominicano | Depósito | 25.08.2010 | LF1 | 923.17293 T866O | 20981-10 | 25.06.2020 | 25.06.2020 | No se presta | ||||||
| Excluido de préstamo | Raros y valiosos | Patrimonio Dominicano | Patrimonio Dominicano | Depósito | 28.06.2011 | LF1 | 923.17293 T866O | 20981-20 | 25.06.2020 | e.2 | 25.06.2020 | No se presta | Pertenecioa la biblioteca personal Juan Isidro Jimenes Grullón, dedicado en ingles a Juan Diaz, por Diane |
